000 00479nam a22001337a 4500
020 _a969-415-059-0
082 _a923.15491
_bAHM
100 _aAhmed, Dr Riaz
_946183
245 _aMadar-I-Millat Mohtarma Fatima Jinnah/
_cAhmed, Dr Riaz
260 _aIslamabad,
_bMr. Mehr Abdul Rashid, Publication officer National institute of historical and cultural research center of excellence
_c2003
526 _a0
_b0
_c0
_d923_154910000000000_AHM
650 _aMCE
_9379
942 _2ddc
_cBK
999 _c549527
_d549527